Warenwirtschaftssysteme mit Bildschirmtext

Saved in:
Bibliographic Details
Main Author: Leismann, Uschi
Format: Book
Language:German
Published: Berlin Springer 1990
Edition:1. Aufl.
Tags: Add Tag
No Tags, Be the first to tag this record!

MARC

LEADER 00000nam a2200000 4500
001 c034333
005 20221215124954.0
041 0 |a ger 
044 |a DE 
245 1 0 |a Warenwirtschaftssysteme mit Bildschirmtext  |c Uschi Leismann 
250 |a 1. Aufl. 
264 1 |a Berlin  |b Springer  |c 1990 
300 |a 360 s. 
100 1 |a Leismann, Uschi